55_近畿地方の市町村(ひらがな対応・五十音順) - Statistics

General Stats
  • This quiz has been taken 39 times
  • The average score is 193 of 227
Answer Stats
種類 都道府県名 市町村名 % Correct
兵庫県 相生市
100%
大阪府 池田市
100%
大阪府 泉大津市
100%
大阪府 泉佐野市
100%
大阪府 和泉市
100%
三重県 伊勢市
100%
三重県 いなべ市
100%
京都府 宇治市
100%
奈良県 宇陀市
100%
大阪府 大阪市
100%
滋賀県 大津市
100%
大阪府 門真市
100%
京都府 京田辺市
100%
京都府 京都市
100%
三重県 志摩市
100%
和歌山県 白浜町
100%
兵庫県 多可町
100%
大阪府 千早赤阪村
100%
三重県 津市
100%
京都府 長岡京市
100%
奈良県 奈良市
100%
兵庫県 西宮市
100%
大阪府 能勢町
100%
京都府 福知山市
100%
兵庫県 明石市
95%
兵庫県 赤穂市
95%
兵庫県 朝来市
95%
兵庫県 尼崎市
95%
奈良県 生駒市
95%
奈良県 王寺町
95%
滋賀県 近江八幡市
95%
大阪府 大阪狭山市
95%
三重県 尾鷲市
95%
和歌山県 海南市
95%
兵庫県 加古川市
95%
兵庫県 加西市
95%
奈良県 橿原市
95%
大阪府 交野市
95%
兵庫県 香美町
95%
三重県 亀山市
95%
京都府 京丹後市
95%
京都府 京丹波町
95%
滋賀県 草津市
95%
大阪府 熊取町
95%
滋賀県 甲賀市
95%
兵庫県 神戸市
95%
大阪府 堺市
95%
大阪府 四條畷市
95%
兵庫県 新温泉町
95%
和歌山県 新宮市
95%
大阪府 摂津市
95%
大阪府 泉南市
95%
兵庫県 | 大阪府 太子町
95%
大阪府 大東市
95%
大阪府 高石市
95%
滋賀県 高島市
95%
兵庫県 宝塚市
95%
兵庫県 丹波篠山市
95%
兵庫県 丹波市
95%
兵庫県 豊岡市
95%
大阪府 豊中市
95%
大阪府 豊能町
95%
大阪府 富田林市
95%
京都府 南丹市
95%
大阪府 羽曳野市
95%
大阪府 阪南市
95%
大阪府 東大阪市
95%
兵庫県 姫路市
95%
京都府 舞鶴市
95%
滋賀県 米原市
95%
京都府 南山城村
95%
京都府 向日市
95%
和歌山県 和歌山市
95%
滋賀県 愛荘町
89%
兵庫県 芦屋市
89%
奈良県 明日香村
89%
京都府 綾部市
89%
和歌山県 有田市
89%
兵庫県 淡路市
89%
奈良県 斑鳩町
89%
兵庫県 伊丹市
89%
兵庫県 稲美町
89%
和歌山県 印南町
89%
大阪府 茨木市
89%
大阪府 貝塚市
89%
大阪府 柏原市
89%
兵庫県 加東市
89%
大阪府 河内長野市
89%
兵庫県 川西市
89%
奈良県 川西町
89%
大阪府 岸和田市
89%
京都府 木津川市
89%
和歌山県 紀の川市
89%
三重県 熊野市
89%
三重県 桑名市
89%
奈良県 五條市
89%
和歌山県 御坊市
89%
奈良県 桜井市
89%
兵庫県 三田市
89%
兵庫県 宍粟市
89%
大阪府 島本町
89%
和歌山県 すさみ町
89%
三重県 鈴鹿市
89%
兵庫県 洲本市
89%
兵庫県 高砂市
89%
滋賀県 多賀町
89%
大阪府 田尻町
89%
大阪府 忠岡町
89%
和歌山県 田辺市
89%
三重県 鳥羽市
89%
滋賀県 長浜市
89%
三重県 名張市
89%
大阪府 寝屋川市
89%
和歌山県 橋本市
89%
滋賀県 東近江市
89%
滋賀県 彦根市
89%
大阪府 枚方市
89%
大阪府 松原市
89%
兵庫県 三木市
89%
大阪府 岬町
89%
兵庫県 南あわじ市
89%
京都府 宮津市
89%
大阪府 守口市
89%
大阪府 八尾市
89%
滋賀県 野洲市
89%
奈良県 大和郡山市
89%
奈良県 大和高田市
89%
和歌山県 湯浅町
89%
滋賀県 栗東市
89%
和歌山県 有田川町
84%
三重県 伊賀市
84%
京都府 伊根町
84%
和歌山県 岩出市
84%
京都府 宇治田原町
84%
兵庫県 小野市
84%
奈良県 香芝市
84%
奈良県 葛城市
84%
和歌山県 かつらぎ町
84%
兵庫県 上郡町
84%
京都府 亀岡市
84%
和歌山県 串本町
84%
滋賀県 湖南市
84%
京都府 城陽市
84%
大阪府 吹田市
84%
大阪府 高槻市
84%
兵庫県 たつの市
84%
奈良県 十津川村
84%
和歌山県 那智勝浦町
84%
兵庫県 西脇市
84%
兵庫県 播磨町
84%
和歌山県 日高町
84%
兵庫県 福崎町
84%
三重県 松阪市
84%
大阪府 箕面市
84%
滋賀県 守山市
84%
兵庫県 養父市
84%
京都府 井手町
79%
兵庫県 猪名川町
79%
三重県 大台町
79%
京都府 大山崎町
79%
京都府 笠置町
79%
大阪府 河南町
79%
奈良県 上北山村
79%
和歌山県 北山村
79%
三重県 紀北町
79%
和歌山県 高野町
79%
滋賀県 甲良町
79%
和歌山県 古座川町
79%
三重県 菰野町
79%
和歌山県 太地町
79%
奈良県 天理市
79%
滋賀県 日野町
79%
大阪府 藤井寺市
79%
和歌山県 みなべ町
79%
京都府 与謝野町
79%
奈良県 吉野町
79%
三重県 四日市市
79%
三重県 度会町
79%
京都府 和束町
79%
三重県 朝日町
74%
兵庫県 市川町
74%
三重県 紀宝町
74%
和歌山県 九度山町
74%
奈良県 御所市
74%
兵庫県 佐用町
74%
奈良県 下北山村
74%
京都府 精華町
74%
奈良県 曽爾村
74%
三重県 多気町
74%
奈良県 田原本町
74%
奈良県 天川村
74%
滋賀県 豊郷町
74%
和歌山県 日高川町
74%
三重県 南伊勢町
74%
滋賀県 竜王町
74%
兵庫県 神河町
68%
和歌山県 上富田町
68%
三重県 川越町
68%
三重県 木曽岬町
68%
和歌山県 紀美野町
68%
京都府 久御山町
68%
三重県 東員町
68%
奈良県 平群町
68%
奈良県 御杖村
68%
三重県 御浜町
68%
和歌山県 美浜町
68%
三重県 明和町
68%
奈良県 山添村
68%
京都府 八幡市
68%
奈良県 安堵町
63%
奈良県 大淀町
63%
三重県 大紀町
63%
奈良県 野迫川村
63%
奈良県 東吉野村
63%
奈良県 黒滝村
58%
奈良県 広陵町
58%
奈良県 三郷町
58%
三重県 玉城町
58%
和歌山県 由良町
58%
奈良県 川上村
53%
奈良県 下市町
53%
奈良県 高取町
53%
和歌山県 広川町
47%
奈良県 河合町
42%
奈良県 上牧町
42%
奈良県 三宅町
42%
No matching quizzes found
Score Distribution
Percent of People with Each Score
Percentile by Number Answered
Your Score History
You have not taken this quiz